Alabama facts and symbols / by Emily McAuliffe.
Presents information about the state of Alabama, its nickname, flag, motto, and emblems.
Record details
- ISBN: 0736822313
- ISBN: 9780736822312
- Physical Description: 24 pages : color illustrations, color maps ; 22 cm.
- Edition: Revised and updated edition
- Publisher: Mankato, Minn. : Capstone Press, c2003.
Content descriptions
| Bibliography, etc. Note: | Includes bibliographical references (pages 23-24) and index. |
Search for related items by subject
| Subject: | Emblems, State > Alabama > Juvenile literature. Nickname Alabama. |
| Genre: | Juvenile works. Literature. |
Search for related items by series
Available copies
- 0 of 1 copy available at scottsboropl.
Holds
- 0 current holds with 1 total copy.
Show All Copies
| Location | Call Number / Copy Notes | Barcode | Shelving Location | Status | Due Date |
|---|
| LDR | 01429cam a2200337 a 4500 | ||
|---|---|---|---|
| 001 | 117377 | ||
| 003 | SBPL | ||
| 005 | 20140703073256.0 | ||
| 008 | 021120s2003 mnuab b b 001 0 eng | ||
| 010 | . | ‡a 2002154050 | |
| 020 | . | ‡a0736822313 ‡q(hbk.) | |
| 020 | . | ‡a9780736822312 ‡q(hbk.) | |
| 035 | . | ‡a(CONS)117377 | |
| 035 | . | ‡a(OCoLC)51266318 | |
| 050 | 0 | 0. | ‡aCR203.A65 ‡bM37 2003 |
| 082 | 0 | 0. | ‡a976.1 ‡221 |
| 100 | 1 | . | ‡aMcAuliffe, Emily. : ‡eauthor |
| 245 | 1 | 0. | ‡aAlabama facts and symbols / ‡cby Emily McAuliffe. |
| 250 | . | ‡aRevised and updated edition | |
| 260 | . | ‡aMankato, Minn. : ‡bCapstone Press, ‡cc2003. | |
| 300 | . | ‡a24 pages : ‡bcolor illustrations, color maps ; ‡c22 cm. | |
| 336 | . | ‡atext ‡btxt ‡2rdacontent | |
| 337 | . | ‡aunmediated ‡bn ‡2rdamedia | |
| 338 | . | ‡avolume ‡bnc ‡2rdacarrier | |
| 490 | 1 | . | ‡aThe states and their symbols |
| 504 | . | ‡aIncludes bibliographical references (pages 23-24) and index. | |
| 520 | . | ‡aPresents information about the state of Alabama, its nickname, flag, motto, and emblems. | |
| 650 | 0. | ‡aEmblems, State ‡zAlabama ‡vJuvenile literature. | |
| 650 | 0. | ‡aNickname | |
| 651 | 0. | ‡aAlabama. | |
| 655 | 7. | ‡aJuvenile works. | |
| 655 | 7. | ‡aLiterature. ‡2lcgft | |
| 830 | 0. | ‡aStates and their symbols. | |
| 901 | . | ‡a117377 ‡bUnknown ‡c117377 ‡tbiblio | |